| 000 | 01413ngm a22003850a 4500 | ||
|---|---|---|---|
| 001 | PT13525 | ||
| 003 | AR-LpoUNG | ||
| 005 | 20210202000331.0 | ||
| 007 | vd cvaizq | ||
| 008 | 191001s1998||||ag |||||||||||||||||spa d | ||
| 020 | _a9504359264 (o.c.) | ||
| 040 |
_aAR-LpoUNG _bspa _cAR-LpoUNG _eaacr |
||
| 041 | _aspa | ||
| 044 | _aag | ||
| 082 | 0 | _a982 632v10 | |
| 100 | 1 |
_aPigna, Felipe _edir. |
|
| 245 | 1 | 0 |
_aHistoria Argentina 1976 - 1978 : _bprocesos socioeconómicos, políticos y culturales |
| 260 |
_aBuenos Aires : _bDiana, _cc1998. |
||
| 505 | 0 | _aGuión: Marta Dino, Carlos Mora ; narración: Edgardo Pérez Morán ; asistencia: Natalia Incolla Garay, Sol Povarchik ; distribución: Mauro Ariel González. - Se acompaña con una guía de trabajo, inventario Nº 12522 | |
| 520 | _aContenido: golpe del 76; sindicatos; censura; guerrilla; FMI; lucha antisubersiva; Novak; madres de Plaza de Mayo; Plata dulce; Lanata; Pérez Esquivel; Hebe de Bonafini. | ||
| 650 | 4 | _aANALISIS HISTORICO | |
| 650 | 4 | _aASPECTOS POLITICOS | |
| 650 | 4 | _aCULTURA | |
| 650 | 4 | _aFUERZAS ARMADAS | |
| 650 | 4 | _aHISTORIA | |
| 650 | 4 | _aPOLITICOS | |
| 650 | 4 | _aSOCIEDAD | |
| 651 | 4 | _aArgentina | |
| 653 | _aVIDEOS | ||
| 653 | _aVIDEOS DIDACTICOS | ||
| 710 | 2 | _aEscuela Superior de Comercio Carlos Pellegrini (Buenos Aires) | |
| 710 | 2 | _aUniversidad de Buenos Aires | |
| 905 | _a13525 | ||
| 942 | _cVIDEO | ||
| 999 |
_c54654 _d54654 |
||